A gathering darkness : the coming of war to the Far East and the Pacific, 1921-1942 /

Bibliographic Details
Main Author: Tohmatsu, Haruo
Other Authors: Willmott, H. P.
Format: Book
Language:English
Published: Lanham, MD : SR Books, [2004]
Series:Total war ; [no. 3].
Subjects:
Online Access:Table of contents

MARC

Tag First Indicator Second Indicator Subfields
LEADER 00000pam a22000004a 4500
001 in00002012807
005 20151031154043.0
008 031027s2004 mdub b 001 0 eng
010 |a  2003023430 
015 |a GBA4-Y7780 
020 |a 0842051511 (cloth : alk paper) 
020 |a 0842051538 (pbk. : alk paper) 
035 |a (OCoLC)ocm53331062 
040 |a DLC  |c DLC  |d YDX  |d UKM  |d UtOrBLW 
042 |a pcc 
043 |a a-ja---  |a a-cc--- 
049 |a TXAM 
050 0 0 |a DS886  |b .T55 2004 
082 0 0 |a 940.53/52  |2 22 
100 1 |a Tohmatsu, Haruo. 
245 1 2 |a A gathering darkness :  |b the coming of war to the Far East and the Pacific, 1921-1942 /  |c Haruo Tohmatsu, H.P. Willmott. 
264 1 |a Lanham, MD :  |b SR Books,  |c [2004] 
264 4 |c ©2004 
300 |a xxvi, 169 pages :  |b maps ;  |c 24 cm. 
336 |a text  |b txt  |2 rdacontent 
337 |a unmediated  |b n  |2 rdamedia 
338 |a volume  |b nc  |2 rdacarrier 
490 1 |a Total war : new perspectives on World War II ;  |v [no. 3] 
504 |a Includes bibliographical references (pages 157-161) and index. 
505 0 |a Japan the Taliban, 1921-1941 -- Manchuria, inner Mongolia, and northern China and the end of internationalism, 1931-1937 -- The war in northern and central China -- The war in China after 1938 and the decision for war in the Pacific, 1939-1941 -- The Pacific war unleashed, the initial Japanese attacks -- The Japanese victory -- The Japanese dilemma. 
651 0 |a Japan  |x History  |y 1912-1945. 
651 0 |a Japan  |x History, Military  |y 1868-1945. 
651 0 |a China  |x History  |y Republic, 1912-1949. 
650 0 |a World politics  |y 1900-1945. 
650 0 |a Sino-Japanese War, 1937-1945. 
650 0 |a World War, 1939-1945. 
700 1 |a Willmott, H. P. 
830 0 |a Total war ;  |v [no. 3]. 
856 4 1 |3 Table of contents  |u http://www.loc.gov/catdir/toc/ecip0410/2003023430.html  |t 0 
945 |i PromptCat 
994 |a 92  |b TXA 
948 |a cataloged  |b h  |c 2005/2/9  |d c  |e jlanham  |f 8:20:40 am 
999 |a MARS 
999 f f |s ed5db6ad-2b44-3126-9582-343e7e887f68  |i ef1b7376-c943-356e-a1de-ca33b32f2cc3  |t 0 
952 f f |p normal  |a Texas A&M University  |b College Station  |c Sterling C. Evans Library  |d Evans: Library Stacks  |t 0  |e DS886 .T55 2004  |h Library of Congress classification  |i unmediated -- volume  |m A14832479842 
998 f f |a DS886 .T55 2004  |t 0  |l Evans: Library Stacks